=LDR 00000nam 2200000 4500 =001 INLIS000000000035410 =005 20130612141252 =008 ***********************************ind** =035 ##$$0010-061300000035410 =041 ##$$a ind =082 ##$$a 813 =090 ##$$a 813, Ais l =100 ##$$a Aisyah, Ummu =245 ##$$a Laila, Cinta Sang Hafizhah, Ummu Aistah =260 ##$$a 2008 $b Jakarta =300 ##$$a 265 hlm, 20 cm =650 ##$$a Fiksi Indonesia =850 ##$$a NBPNMAT